Catharine and other writings / (رقم التسجيلة. 19571)
[ عرض عادي ]
| 000 -الفاتح | |
|---|---|
| حقل البيانات ثابتة الطول | 01096cam a2200313 a 4500 |
| 001 - رقم الضبط | |
| رقم الضبط | 15645005 |
| 003 - محدد رقم الضبط | |
| رقم الضبط | OSt |
| 005 - وقت وتاريخ اخر تعامل مع التسجيلة | |
| رقم الضبط | 20150408113956.0 |
| 008 - عناصر البيانات ثابتة الطول - معلومات عامة | |
| حقل البيانات ثابتة الطول | 111213r20091993enk b 000 1 eng d |
| 010 ## - رقم ضبط مكتبة الكونجرس | |
| رقم ضبط مكتبة الكونجرس | 2009290554 |
| 020 ## - الرقم الدولى المعيارى للكتب | |
| الرقم الدولى المعيارى للكتاب | 9780199538423 (pbk.) |
| 035 ## - رقم ضبط النظام | |
| رقم ضبط النظام | (OCoLC)ocn271771850 |
| 040 ## - مصدر الفهرسة | |
| وكالة الفهرسة الأصلية | UKM |
| وكالة النسخ | MU |
| 042 ## - رمز التحقق | |
| رمز التحقق | lccopycat |
| 043 ## - رمز المنطقة الجغرافية | |
| رمز المنطقة الجغرافية | e-uk--- |
| 082 00 - رقم تصنيف ديوى العشرى | |
| رقم التصنيف | 823.7 A J C |
| رقم الطبعة | 22 |
| 100 1# - المدخل الرئيسى - إسم شخصى | |
| الإسم الشخصى | Austen, Jane, |
| التواريخ المصاحبة للاسم | 1775-1817. |
| 245 10 - بيان العنوان | |
| العنوان | Catharine and other writings / |
| بيان المسئوليه,etc | Jane Austen ; edited by Margaret Anne Doody and Douglas Murray ; with an introduction by Margaret Anne Doody. |
| 260 ## - PUBLICATION, DISTRIBUTION, ETC. (IMPRINT) | |
| مكان الناشر او الموزع | Oxford ; |
| -- | New York : |
| اسم الناشر او الموزع | Oxford University Press, |
| تاريخ النشر أو التوزيع | [2009] |
| 300 ## - الوصف المادى | |
| التعداد | xlvi, 372 p. ; |
| أبعاد الوعاء | 20 cm. |
| 440 #0 - بيان السلسلة/مدخل إضافى-العنوان | |
| العنوان | Oxford world's classics |
| 9 (RLIN) | 6792 |
| 504 ## - تبصرة ببليوجرافية | |
| تبصرة ببليوجرافية,الخ | Includes bibliographical references. |
| 651 #0 - المدخل الاضافى بالموضوع - اسم جغرافى | |
| الاسم الجغرافي | Great Britain |
| التقسيم الفرعي العام | Social life and customs |
| التقسيم الفرعي الشكلي | Fiction. |
| 9 (RLIN) | 6946 |
| 700 1# - المدخل الاضافى - اسم شخصى | |
| الإسم الشخصى | Doody, Margaret Anne. |
| 9 (RLIN) | 7825 |
| 700 1# - المدخل الاضافى - اسم شخصى | |
| الإسم الشخصى | Murray, Douglas, |
| التواريخ المصاحبة للاسم | 1951- |
| 9 (RLIN) | 7826 |
| 906 ## - عنصر بيانات محلى F, LDF (RLIN) | |
| a | 7 |
| b | cbc |
| c | copycat |
| d | 2 |
| e | ncip |
| f | 20 |
| g | y-gencatlg |
| 942 ## - عناصر المدخل الإضافي( كوها) | |
| مصدر التصنيف او مخطط الترفيف | Dewey Decimal Classification |
| Koha [default] item type | DVD |
| حالة الفقد | نموذج السعر الفعال | حالة تلف | ليس للاعارة | رقم الطلب | رقم النسخة | تاريخ الاكتساب | الموقع الحالي | الباركود | الفرع الرئيسي | Date last seen | نوع المادة فى نظام كوها | مصدر التصنيف او خطة الترفيف | Total Checkouts |
|---|---|---|---|---|---|---|---|---|---|---|---|---|---|
| 2013-03-10 | 823.7 A J C | n 1 | 2011-12-13 | قسم الاجراءات الفنية (IC) | 00100956 | قسم الاجراءات الفنية (IC) | 2013-03-10 | كتاب | Dewey Decimal Classification | ||||
| 2013-03-10 | 823.7 A J C | n 2 | 2011-12-13 | قسم الاجراءات الفنية (IC) | 00100955 | قسم الاجراءات الفنية (IC) | 2013-03-10 | كتاب | Dewey Decimal Classification |
